000 00762cam a2200205 4500
001 WB3814-27
008 020416n2002 000 0 eng u
035 _a(Sirsi) u117503
245 _aEstate agency, 'a great career'
260 _c2002
490 _aNegotiator
_v17(4) 12 April 2002, 6(1)
520 _aResearch by TTC training on 65 trainee estate agents reveals that starting salaries in estate agency are low but trainees feel rewarded by their career choice. Most popular reasons for working in the sector were career progression or working with the public.
590 _aWB
650 _aESTATE AGENCY
650 _aTTC TRAINING
650 _aCAREER
650 _aCAREER DEVELOPMENT
690 _aTRAINING AND CAREER DEVELOPMENT
942 _n0
999 _c69986
_d69986